000 00690nam a2200289Ia 4500
005 20260324125814.0
008 008 260324s9999 xx 000 0 eng d
020 _a9781315590448
037 _aEBOOK
040 _aCRL
040 _beng
040 _cCRL
041 _2eng
041 _aeng
084 _qCRL
100 _aAnna Lipphardt; Julia Brauch
_91179397
245 0 _aJewish Topographies
245 0 _bVisions of Space, Traditions of Place
260 _bTaylor and Francis
260 _c2008
365 _a
365 _b255
856 _uhttp://www.taylorfrancis.com/books/9781315590448
942 _cEBOOK
999 _c1774970
_d1774970